[Event "Muensterland Verbandsliga 1920"]
[Site "Germany"]
[Date "2019.09.28"]
[Round "2.7"]
[White "Boenigk, Winfried"]
[Black "Barkia, Sofyen"]
[Result "1-0"]
[WhiteElo "1760"]
[BlackElo "1363"]
[PlyCount "63"]
[EventDate "2019.09.07"]
[EventType "team-tourn"]
[EventRounds "7"]
[EventCountry "GER"]
[SourceTitle "EXT 2023"]
[Source "ChessBase"]
[SourceDate "2022.10.05"]
[SourceVersion "1"]
[SourceVersionDate "2022.10.05"]
[SourceQuality "1"]
[WhiteTeam "Olfen"]
[BlackTeam "Ibbenbueren"]
[WhiteTeamCountry "GER"]
[BlackTeamCountry "GER"]

1. d4 c5 2. d5 Nf6 3. c4 e6 4. Nc3 g6 5. e4 d6 6. Bd3 Bg7 7. f3 Nh5 8. Be3 Qa5 9. Nge2 Na6 10. g4 Nf6 11. a3 Bd7 12. Bd2 Qd8 13. Qc2 Nc7 14. h4 a6 15. a4 b5 16. a5 b4 17. Na4 Bxa4 18. Rxa4 Nd7 19. f4 Qf6 20. b3 h6 21. Bc1 e5 22. f5 Qe7 23. Ng3 Nf6 24. Qe2 0-0-0 25. g5 hxg5 26. Bxg5 Bh6 27. Qd2 Rh7 28. Bxh6 Ng4 29. Bg5 f6 30. fxg6 fxg5 31. gxh7 gxh4 32. Nf5 1-0

[Event "Steinfurt Bezirksliga 1819"]
[Site "Germany"]
[Date "2019.02.16"]
[Round "7.7"]
[White "Koelking, Helmut"]
[Black "Barkia, Sofyen"]
[Result "1-0"]
[WhiteElo "1317"]
[BlackElo "1339"]
[PlyCount "67"]
[EventDate "2018.09.01"]
[EventType "team-tourn"]
[EventRounds "10"]
[EventCountry "GER"]
[SourceTitle "EXT 2020"]
[Source "ChessBase"]
[SourceDate "2019.10.17"]
[SourceVersion "1"]
[SourceVersionDate "2019.10.17"]
[SourceQuality "1"]
[WhiteTeam "Steinfurt III"]
[BlackTeam "Ibbenbueren II"]
[WhiteTeamCountry "GER"]
[BlackTeamCountry "GER"]

1. c4 c5 2. Nc3 Nf6 3. Nf3 Nc6 4. g3 e6 5. Bg2 h6 6. 0-0 d5 7. cxd5 exd5 8. a3 d4 9. Na2 Bd6 10. d3 0-0 11. Rb1 Be6 12. b3 a5 13. a4 Rb8 14. Nd2 Qc8 15. Ba3 Bh3 16. Nc4 Bxg2 17. Kxg2 Be7 18. Bc1 b6 19. Bf4 Rb7 20. Bd6 Qe6 21. Bxe7 Nxe7 22. Qd2 Rfb8 23. Rbe1 h5 24. e3 Rd8 25. Kg1 Qg4 26. f3 dxe3 27. Rxe3 Qf5 28. Rfe1 Ng6 29. Nc1 h4 30. g4 Qg5 31. Re8+ Rxe8 32. Rxe8+ Nxe8 33. Qxg5 Re7 34. Kf2 1-0

[Event "Steinfurt Bezirksliga 1819"]
[Site "Germany"]
[Date "2018.12.15"]
[Round "5.7"]
[White "Schulte, Rainer"]
[Black "Barkia, Sofyen"]
[Result "0-1"]
[WhiteElo "1510"]
[BlackElo "1339"]
[PlyCount "75"]
[EventDate "2018.09.01"]
[EventType "team-tourn"]
[EventRounds "10"]
[EventCountry "GER"]
[SourceTitle "EXT 2020"]
[Source "ChessBase"]
[SourceDate "2019.10.17"]
[SourceVersion "1"]
[SourceVersionDate "2019.10.17"]
[SourceQuality "1"]
[WhiteTeam "Emsdetten Rochade IV"]
[BlackTeam "Ibbenbueren II"]
[WhiteTeamCountry "GER"]
[BlackTeamCountry "GER"]

1. d4 d5 2. c4 c6 3. Nc3 Nf6 4. e3 Bg4 5. f3 Bf5 6. cxd5 cxd5 7. Bb5+ Nc6 8. Nge2 e6 9. a3 Be7 10. h4 0-0 11. g4 Bxg4 12. fxg4 Nxg4 13. Qd3 Bxh4+ 14. Rxh4 Qxh4+ 15. Kd2 Na5 16. Qc2 Rac8 17. Bd3 Nc4+ 18. Bxc4 Rxc4 19. b3 Rc6 20. Bb2 Qf2 21. Qd3 f5 22. Rh1 h6 23. Bc1 Qf3 24. Rg1 Nf2 25. Qb1 Rfc8 26. Rg3 Qxg3 27. Nxg3 Rxc3 28. Bb2 Rxb3 29. Qa2 Rd3+ 30. Ke2 Rc2+ 31. Kf3 Nd1 32. Nf1 Rxb2 33. Qa1 Rf2+ 34. Kg3 Rxf1 35. Qc1 Rxe3+ 36. Kh4 Rf4+ 37. Kh5 Rg4 38. Qc8+ 0-1

[Event "Steinfurt Bezirksliga 1718"]
[Site "Germany"]
[Date "2018.04.21"]
[Round "7.6"]
[White "Winkelsett, Carsten"]
[Black "Barkia, Sofyen"]
[Result "1/2-1/2"]
[WhiteElo "1600"]
[BlackElo "1355"]
[PlyCount "41"]
[EventDate "2017.09.23"]
[EventType "team-tourn"]
[EventRounds "7"]
[EventCountry "GER"]
[SourceTitle "EXT 2019"]
[Source "ChessBase"]
[SourceDate "2018.10.10"]
[SourceVersion "1"]
[SourceVersionDate "2018.10.10"]
[SourceQuality "1"]
[WhiteTeam "Reckenfeld"]
[BlackTeam "Ibbenbueren II"]
[WhiteTeamCountry "GER"]
[BlackTeamCountry "GER"]

1. Nf3 d5 2. d4 Nf6 3. c4 c6 4. Nc3 Bg4 5. Bf4 e6 6. e3 Bb4 7. Qb3 Bxc3+ 8. bxc3 Qa5 9. Bd3 Nh5 10. Bd6 Bxf3 11. gxf3 Nd7 12. Qxb7 Qxc3+ 13. Ke2 Rd8 14. Bb4 Qb2+ 15. Kf1 Qxa1+ 16. Kg2 Qxa2 17. Qxc6 Qb3 18. Qd6 Nc5 19. Qxc5 Rd7 20. Qc8+ Rd8 21. Qc6+ 1/2-1/2

[Event "Steinfurt Bezirksliga 1617"]
[Site "Germany"]
[Date "2017.03.25"]
[Round "8.5"]
[White "Radisic, Sascha"]
[Black "Barkia, Sofyen"]
[Result "0-1"]
[WhiteElo "1604"]
[BlackElo "1301"]
[PlyCount "60"]
[EventDate "2016.09.24"]
[EventType "team"]
[EventRounds "9"]
[EventCountry "GER"]
[SourceTitle "EXT 2018"]
[Source "ChessBase"]
[SourceDate "2017.10.13"]
[SourceVersion "1"]
[SourceVersionDate "2017.10.13"]
[SourceQuality "1"]
[WhiteTeam "Steinfurt II"]
[BlackTeam "Ibbenbueren II"]
[WhiteTeamCountry "GER"]
[BlackTeamCountry "GER"]

1. Nf3 d5 2. c4 c6 3. b3 d4 4. b4 e5 5. Nxe5 Bxb4 6. Nd3 Ba5 7. g3 Bf5 8. Qb3 Bxd3 9. Qxd3 Na6 10. Qe4+ Ne7 11. Bg2 Nb4 12. a3 f5 13. axb4 fxe4 14. Rxa5 Qd6 15. Ba3 Qe6 16. 0-0 0-0 17. b5 b6 18. Ra4 c5 19. d3 e3 20. Bxa8 exf2+ 21. Rxf2 Qe3 22. Bf3 Rxf3 23. exf3 Qe1+ 24. Rf1 Qe3+ 25. Kg2 Nf5 26. Rxa7 Qe2+ 27. Kg1 Ne3 28. Ra8+ Kf7 29. Ra7+ Kf6 30. Rf2 Qe1+ 0-1

[Event "Steinfurt Bezirksliga 1617"]
[Site "Germany"]
[Date "2016.11.12"]
[Round "3.4"]
[White "Barkia, Sofyen"]
[Black "Roewekamp, Andre"]
[Result "1-0"]
[WhiteElo "1301"]
[BlackElo "1643"]
[PlyCount "54"]
[EventDate "2016.09.24"]
[EventType "team"]
[EventRounds "9"]
[EventCountry "GER"]
[SourceTitle "EXT 2018"]
[Source "ChessBase"]
[SourceDate "2017.10.13"]
[SourceVersion "1"]
[SourceVersionDate "2017.10.13"]
[SourceQuality "1"]
[WhiteTeam "Ibbenbueren II"]
[BlackTeam "Reckenfeld"]
[WhiteTeamCountry "GER"]
[BlackTeamCountry "GER"]

1. d4 d5 2. c4 Nf6 3. Nf3 Bg4 4. Nc3 Bxf3 5. exf3 dxc4 6. Bxc4 e6 7. 0-0 Bb4 8. Bg5 h6 9. Bh4 Nc6 10. Ne4 Nxd4 11. Qa4+ Nc6 12. Bb5 Be7 13. Bxc6+ bxc6 14. Qxc6+ Kf8 15. Rfd1 Qe8 16. Qxc7 Nd5 17. Bxe7+ Qxe7 18. Qa5 g5 19. Rac1 f5 20. Nc3 Nf4 21. Rd2 h5 22. Re1 g4 23. Nd5 Nxd5 24. Rxd5 gxf3 25. Rxf5+ Kg7 26. Rg5+ Kh6 27. Rxh5+ Kg6 1-0

[Event "Steinfurt Bezirksliga 1617"]
[Site "Germany"]
[Date "2016.09.24"]
[Round "1.5"]
[White "Jonas, Robert"]
[Black "Barkia, Sofyen"]
[Result "1-0"]
[WhiteElo "1671"]
[BlackElo "1301"]
[PlyCount "54"]
[EventDate "2016.09.24"]
[EventType "team"]
[EventRounds "9"]
[EventCountry "GER"]
[SourceTitle "EXT 2018"]
[Source "ChessBase"]
[SourceDate "2017.10.13"]
[SourceVersion "1"]
[SourceVersionDate "2017.10.13"]
[SourceQuality "1"]
[WhiteTeam "Ibbenbueren"]
[BlackTeam "Ibbenbueren II"]
[WhiteTeamCountry "GER"]
[BlackTeamCountry "GER"]

1. e4 c5 2. Nf3 Nc6 3. d4 cxd4 4. Nxd4 e6 5. Nc3 Bc5 6. Be3 a6 7. Nxc6 bxc6 8. Bxc5 Nf6 9. Bd3 d6 10. Be3 0-0 11. 0-0 Bb7 12. b3 Qa5 13. Ne2 Rac8 14. c4 c5 15. Ng3 Qc7 16. Bg5 Nd7 17. Bc2 f6 18. Bf4 e5 19. Be3 Rcd8 20. Nf5 Nb6 21. Qe2 Rf7 22. Rad1 a5 23. f4 Qc6 24. Qg4 g6 25. Nh6+ Kg7 26. Nxf7 Kxf7 27. fxe5 dxe5 1-0

[Event "Steinfurt Bezirksklasse 1415"]
[Site "Germany"]
[Date "2015.02.21"]
[Round "6.2"]
[White "Borgmann, Simon"]
[Black "Barkia, Sofyen"]
[Result "0-1"]
[WhiteElo "1289"]
[BlackElo "1380"]
[PlyCount "76"]
[EventDate "2014.09.20"]
[EventType "team-tourn"]
[EventRounds "9"]
[EventCountry "GER"]
[SourceTitle "EXT 2016"]
[Source "ChessBase"]
[SourceDate "2015.10.08"]
[SourceVersion "1"]
[SourceVersionDate "2015.10.08"]
[SourceQuality "1"]
[WhiteTeam "Emsdetten Turm IV"]
[BlackTeam "Ibbenbueren III"]
[WhiteTeamCountry "GER"]
[BlackTeamCountry "GER"]

1. e4 c5 2. Nf3 Nc6 3. d4 cxd4 4. Nxd4 e6 5. Be3 Qb6 6. b3 Bc5 7. c3 e5 8. Nf5 Bxe3 9. Nxe3 Nf6 10. Nd2 0-0 11. Be2 Rd8 12. Ng4 Nxg4 13. Bxg4 d5 14. exd5 Rxd5 15. Bf3 Rd3 16. Qc2 Bf5 17. Qb2 Qc5 18. Rc1 Rad8 19. Nb1 e4 20. Be2 Ne5 21. 0-0 e3 22. Bxd3 Nxd3 23. Rcd1 Bg4 24. Qc2 Bxd1 25. Rxd1 exf2+ 26. Kf1 Qe3 27. Qd2 Qe1+ 28. Rxe1 fxe1Q+ 29. Qxe1 Nxe1 30. Kxe1 f5 31. Ke2 Kf7 32. Nd2 Kf6 33. Nf3 g5 34. Nd4 Ke5 35. Ke3 a6 36. a4 g4 37. g3 Rd6 38. b4 Rh6 0-1

[Event "Steinfurt Bezirksklasse 1415"]
[Site "Germany"]
[Date "2015.01.17"]
[Round "5.2"]
[White "Barkia, Sofyen"]
[Black "Ottens, Josef"]
[Result "1/2-1/2"]
[WhiteElo "1380"]
[BlackElo "1403"]
[PlyCount "33"]
[EventDate "2014.09.20"]
[EventType "team-tourn"]
[EventRounds "9"]
[EventCountry "GER"]
[SourceTitle "EXT 2016"]
[Source "ChessBase"]
[SourceDate "2015.10.08"]
[SourceVersion "1"]
[SourceVersionDate "2015.10.08"]
[SourceQuality "1"]
[WhiteTeam "Ibbenbueren III"]
[BlackTeam "Steinfurt IV"]
[WhiteTeamCountry "GER"]
[BlackTeamCountry "GER"]

1. d4 e5 2. dxe5 Nc6 3. Nf3 Qe7 4. Nc3 Nxe5 5. e4 c6 6. Bf4 Nxf3+ 7. Qxf3 Nf6 8. Bd3 d6 9. h3 h6 10. 0-0-0 Be6 11. Rhe1 0-0-0 12. Ba6 bxa6 13. e5 Nd5 14. exd6 Rxd6 15. Bxd6 Qxd6 16. Nxd5 Bxd5 17. c4 1/2-1/2

[Event "Steinfurt Bezirksklasse 1415"]
[Site "Germany"]
[Date "2014.12.13"]
[Round "4.2"]
[White "Bahr, Maximilian"]
[Black "Barkia, Sofyen"]
[Result "1-0"]
[WhiteElo "1443"]
[BlackElo "1380"]
[PlyCount "41"]
[EventDate "2014.09.20"]
[EventType "team-tourn"]
[EventRounds "9"]
[EventCountry "GER"]
[SourceTitle "EXT 2016"]
[Source "ChessBase"]
[SourceDate "2015.10.08"]
[SourceVersion "1"]
[SourceVersionDate "2015.10.08"]
[SourceQuality "1"]
[WhiteTeam "Emsdetten Rochade V"]
[BlackTeam "Ibbenbueren III"]
[WhiteTeamCountry "GER"]
[BlackTeamCountry "GER"]

1. e4 c5 2. d4 cxd4 3. c3 dxc3 4. Nxc3 e6 5. Nf3 Bb4 6. Bd2 a6 7. Bc4 Nc6 8. 0-0 b5 9. Bb3 Bb7 10. Qe2 Rc8 11. a4 Na5 12. Bc2 bxa4 13. Rxa4 Qb6 14. Be3 Bc5 15. Nd4 Bc6 16. Nxc6 Rxc6 17. Bxc5 Rxc5 18. Qe3 d6 19. b4 Nc4 20. bxc5 Nxe3 21. cxb6 1-0

[Event "Steinfurt Bezirksliga 1314"]
[Site "Germany"]
[Date "2013.10.19"]
[Round "2.8"]
[White "Barkia, Sofyen"]
[Black "Rogowski, Friedrich"]
[Result "0-1"]
[WhiteElo "1319"]
[BlackElo "1657"]
[PlyCount "33"]
[EventDate "2013.09.14"]
[EventType "team-tourn"]
[EventRounds "9"]
[EventCountry "GER"]
[SourceTitle "EXT 2015"]
[Source "ChessBase"]
[SourceDate "2014.11.20"]
[SourceVersion "1"]
[SourceVersionDate "2014.11.20"]
[SourceQuality "1"]
[WhiteTeam "Ibbenbueren II"]
[BlackTeam "Saerbeck II"]
[WhiteTeamCountry "GER"]
[BlackTeamCountry "GER"]

1. d4 g6 2. e4 Bg7 3. Nf3 c5 4. d5 d6 5. c4 Nf6 6. Bd3 0-0 7. 0-0 e6 8. Bg5 exd5 9. exd5 Qb6 10. Nc3 Nbd7 11. Qd2 Ng4 12. h3 Nge5 13. Nxe5 Nxe5 14. Nb5 a6 15. Nc3 Nxd3 16. Na4 Qb4 17. Nxc5 0-1

[Event "Steinfurt Bezirksklasse 1112"]
[Site "Germany"]
[Date "2011.12.17"]
[Round "4.6"]
[White "Echelmeyer, Kai"]
[Black "Barkia, Sofyen"]
[Result "1-0"]
[WhiteElo "1434"]
[BlackElo "1147"]
[PlyCount "59"]
[EventDate "2011.09.24"]
[EventType "team-tourn"]
[EventRounds "9"]
[EventCountry "GER"]
[SourceTitle "EXT 2013"]
[Source "ChessBase"]
[SourceDate "2012.11.22"]
[SourceVersion "1"]
[SourceVersionDate "2012.11.22"]
[SourceQuality "1"]
[WhiteTeam "Emsdetten Turm III"]
[BlackTeam "Ibbenbueren III"]
[WhiteTeamCountry "GER"]
[BlackTeamCountry "GER"]

1. e4 c5 2. Nf3 Nc6 3. d4 cxd4 4. Nxd4 e6 5. c4 Bc5 6. Be3 Qb6 7. Nc2 Bxe3 8. Nxe3 Qxb2 9. Nd2 Nf6 10. Be2 Nd4 11. e5 Nxe2 12. exf6 Qxf6 13. Kxe2 0-0 14. Ne4 Qg6 15. Nd6 Qh5+ 16. f3 Rd8 17. Qd4 b6 18. Ng4 Qc5 19. Rhd1 Qxd4 20. Rxd4 a6 21. a4 b5 22. axb5 a5 23. b6 Rb8 24. c5 Ba6+ 25. Kf2 Bb7 26. Rxa5 f6 27. Nxb7 Rxb7 28. Ra7 Rdb8 29. Rxd7 Rxd7 30. Rxd7 1-0

[Event "Steinfurt Bezirksklasse 1112"]
[Site "Germany"]
[Date "2011.10.15"]
[Round "2.6"]
[White "Altenaehr, Johannes"]
[Black "Barkia, Sofyen"]
[Result "1-0"]
[WhiteElo "1407"]
[BlackElo "1147"]
[PlyCount "59"]
[EventDate "2011.09.24"]
[EventType "team-tourn"]
[EventRounds "9"]
[EventCountry "GER"]
[SourceTitle "EXT 2013"]
[Source "ChessBase"]
[SourceDate "2012.11.22"]
[SourceVersion "1"]
[SourceVersionDate "2012.11.22"]
[SourceQuality "1"]
[WhiteTeam "Rheine CC"]
[BlackTeam "Ibbenbueren III"]
[WhiteTeamCountry "GER"]
[BlackTeamCountry "GER"]

1. Nf3 d5 2. c4 c6 3. cxd5 cxd5 4. d4 Nf6 5. Nc3 Bg4 6. Ne5 Bh5 7. Bg5 Ne4 8. Qa4+ Nd7 9. Qxd7+ Qxd7 10. Nxd7 Nxg5 11. Nc5 b6 12. Na6 Rd8 13. Nc7+ Kd7 14. N7xd5 f6 15. e3 Ke6 16. Nf4+ Kf7 17. Nxh5 e6 18. h4 g6 19. Ng3 Nf3+ 20. gxf3 Rc8 21. a3 Bd6 22. Nge4 Bb8 23. Nb5 Rhd8 24. Bd3 e5 25. Kd2 exd4 26. Nxd4 Be5 27. Rac1 Rxc1 28. Rxc1 Bxd4 29. exd4 Ke6 30. Rc6+ 1-0

[Event "Steinfurt Bezirksklasse 1011"]
[Site "Germany"]
[Date "2011.03.19"]
[Round "8.5"]
[White "Barkia, Sofyen"]
[Black "Bakker, David"]
[Result "0-1"]
[WhiteElo "993"]
[BlackElo "1039"]
[PlyCount "43"]
[EventDate "2010.09.25"]
[EventType "team-tourn"]
[EventRounds "9"]
[EventCountry "GER"]
[SourceTitle "EXT 2012"]
[Source "ChessBase"]
[SourceDate "2011.11.24"]
[SourceVersion "1"]
[SourceVersionDate "2011.11.24"]
[SourceQuality "1"]
[WhiteTeam "Ibbenbueren III"]
[BlackTeam "Steinfurt IV"]
[WhiteTeamCountry "GER"]
[BlackTeamCountry "GER"]

1. d4 d5 2. c4 dxc4 3. Nc3 e6 4. Nf3 Nf6 5. Bg5 Be7 6. e3 0-0 7. Bxc4 Nc6 8. Ne5 Nxe5 9. dxe5 Nd7 10. Bf4 Nb6 11. Qxd8 Rxd8 12. Bb3 c5 13. 0-0 c4 14. Na4 cxb3 15. Nxb6 axb6 16. axb3 Rxa1 17. Rxa1 Rd2 18. Rb1 Bd7 19. g3 g5 20. Bxg5 Bxg5 21. f4 Be7 22. Kf1 0-1

[Event "Steinfurt Bezirksklasse 1011"]
[Site "Germany"]
[Date "2010.10.30"]
[Round "2.6"]
[White "Barkia, Sofyen"]
[Black "Benson, Andre"]
[Result "1/2-1/2"]
[WhiteElo "993"]
[BlackElo "1386"]
[PlyCount "58"]
[EventDate "2010.09.25"]
[EventType "team-tourn"]
[EventRounds "9"]
[EventCountry "GER"]
[SourceTitle "EXT 2012"]
[Source "ChessBase"]
[SourceDate "2011.11.24"]
[SourceVersion "1"]
[SourceVersionDate "2011.11.24"]
[SourceQuality "1"]
[WhiteTeam "Ibbenbueren III"]
[BlackTeam "Nordwalde II"]
[WhiteTeamCountry "GER"]
[BlackTeamCountry "GER"]

1. d4 d5 2. c4 e6 3. Nf3 c5 4. cxd5 cxd4 5. Nxd4 exd5 6. e3 Nf6 7. Bb5+ Bd7 8. Nc3 Bd6 9. Nf5 Bxb5 10. Nxb5 Bf8 11. Qa4 Nc6 12. 0-0 a6 13. Nbd4 Qd7 14. Nxc6 bxc6 15. Nd4 c5 16. Qxd7+ Nxd7 17. Ne2 Nf6 18. b3 Be7 19. Bb2 0-0 20. Bxf6 Bxf6 21. Rad1 Rad8 22. Rd3 c4 23. Rd2 cxb3 24. axb3 Rb8 25. Ra2 Rb6 26. b4 Be7 27. Nf4 Rd8 28. Rfa1 Rxb4 29. Rxa6 d4 1/2-1/2

[Event "Muensterland Verbandsklasse-B 1011"]
[Site "Germany"]
[Date "2010.09.18"]
[Round "1.8"]
[White "Suer, Julian"]
[Black "Barkia, Sofyen"]
[Result "1-0"]
[WhiteElo "1646"]
[BlackElo "1024"]
[PlyCount "44"]
[EventDate "2010.09.18"]
[EventType "team-tourn"]
[EventRounds "9"]
[EventCountry "GER"]
[SourceTitle "EXT 2012"]
[Source "ChessBase"]
[SourceDate "2011.11.24"]
[SourceVersion "1"]
[SourceVersionDate "2011.11.24"]
[SourceQuality "1"]
[WhiteTeam "Raesfeld Erle"]
[BlackTeam "Ibbenbueren"]
[WhiteTeamCountry "GER"]
[BlackTeamCountry "GER"]

1. e4 c5 2. d4 cxd4 3. c3 e5 4. Nf3 dxc3 5. Nxc3 Nc6 6. Bc4 Bb4 7. Qb3 Bxc3+ 8. bxc3 Qe7 9. Ba3 d6 10. Rd1 Na5 11. Qa4+ Nc6 12. Bxd6 Qf6 13. Nxe5 Nge7 14. Bxf7+ Kf8 15. Bc7 Be6 16. Bxe6 Nxe5 17. Bb3 Ng4 18. 0-0 Qxc3 19. Qd7 Nf6 20. Qe6 Nfd5 21. Bxd5 Nxd5 22. Bd6+ Ne7 1-0

[Event "Steinfurt Bezirksklasse 0910"]
[Site "Germany"]
[Date "2010.01.16"]
[Round "3.8"]
[White "Schmalbrock, Andreas"]
[Black "Barkia, Sofyen"]
[Result "1/2-1/2"]
[WhiteElo "1293"]
[BlackElo "896"]
[PlyCount "90"]
[EventDate "2009.09.26"]
[EventType "team-tourn"]
[EventRounds "7"]
[EventCountry "GER"]
[SourceTitle "EXT 2011"]
[Source "ChessBase"]
[SourceDate "2010.11.26"]
[SourceVersion "1"]
[SourceVersionDate "2010.11.26"]
[SourceQuality "1"]
[WhiteTeam "Nordwalde II"]
[BlackTeam "Ibbenbueren III"]
[WhiteTeamCountry "GER"]
[BlackTeamCountry "GER"]

1. e4 e5 2. Nf3 Nc6 3. Bc4 h6 4. 0-0 Nf6 5. d3 Bc5 6. Nc3 d6 7. h3 Qe7 8. Nd5 Nxd5 9. exd5 Nd4 10. Nxd4 Bxd4 11. c3 Bb6 12. d4 e4 13. Bd3 0-0 14. Re1 Bf5 15. Qh5 Bg6 16. Qg4 Rfe8 17. Bd2 c6 18. Bxe4 Bxe4 19. f3 cxd5 20. fxe4 dxe4 21. Bxh6 f5 22. Qg6 Qf6 23. Qxf6 gxf6 24. Re3 Kf7 25. Rg3 Rg8 26. Rxg8 Rxg8 27. Rf1 Ke6 28. Bf4 Kd5 29. h4 Re8 30. Kf2 Kc4 31. Ke2 Kd5 32. h5 Re7 33. h6 Rh7 34. Rh1 Bd8 35. Rh4 Ke6 36. g4 fxg4 37. Rxg4 d5 38. Kf2 Be7 39. Rh4 f5 40. Rh3 Bd6 41. Bxd6 Kxd6 42. Ke3 Ke6 43. b3 b5 44. a4 bxa4 45. bxa4 a5 1/2-1/2

[Event "Steinfurt Bezirksklasse 0809"]
[Site "Germany"]
[Date "2008.09.13"]
[Round "1.6"]
[White "Altenaehr, Johannes"]
[Black "Barkia, Sofyen"]
[Result "1-0"]
[WhiteElo "1424"]
[BlackElo "788"]
[PlyCount "69"]
[EventDate "2008.09.13"]
[EventType "team-tourn"]
[EventRounds "7"]
[EventCountry "GER"]
[SourceTitle "EXT 2010"]
[Source "ChessBase"]
[SourceDate "2010.11.25"]
[SourceVersion "1"]
[SourceVersionDate "2010.11.25"]
[SourceQuality "1"]
[WhiteTeam "Rheine CC"]
[BlackTeam "Ibbenbueren III"]
[WhiteTeamCountry "GER"]
[BlackTeamCountry "GER"]

1. Nf3 d5 2. g3 Nc6 3. d4 e6 4. Bg2 Bd6 5. 0-0 h6 6. Nbd2 Nf6 7. c4 Bd7 8. h3 Na5 9. c5 Be7 10. b4 Nc6 11. b5 Na5 12. a4 0-0 13. Ne5 c6 14. Rb1 cxb5 15. axb5 a6 16. b6 Nc6 17. Nxc6 Bxc6 18. Qc2 Bb5 19. Re1 Qd7 20. e4 dxe4 21. Nxe4 Qxd4 22. Bb2 Qd3 23. Qc1 Qc4 24. Nxf6+ Bxf6 25. Qxc4 Bxc4 26. Bxb7 Rad8 27. Bxf6 gxf6 28. c6 Rb8 29. Re3 Rfd8 30. c7 Rdc8 31. cxb8Q Rxb8 32. Bf3 a5 33. Ra3 Bd5 34. Bxd5 exd5 35. Rxa5 1-0